| 000 | 00674cam a22002294a 4500 | ||
|---|---|---|---|
| 008 | |||
| 020 | _a0521644895 (pbk.) | ||
| 049 | _aMAIN | ||
| 090 |
_aTJ755 _bLUM |
||
| 100 | 1 | _aLumley, John L. | |
| 245 | 1 | 0 |
_aEngines : _ban introduction / _cJohn L. Lumley. |
| 260 |
_aCambridge : _bCambridge University Press, _c1999. |
||
| 300 |
_axvii, 248 p. : _bill. ; _c25 cm. |
||
| 500 | _aIncludes index. | ||
| 504 | _aIncludes bibliographical references. | ||
| 650 | 0 | _aInternal combustion engines. | |
| 907 |
_a.b10173432 _b20-02-17 _c29-08-05 |
||
| 003 | |||
| 005 | 20230123134058.0 | ||
| 040 | _cNUST | ||
| 942 |
_cBOOKS _kTJ755 _mLUM |
||
| 999 |
_c159672 _d159672 |
||